Flagi państw graniczących z Brazylią - Statystyki

Ogólne statystyki
  • Ten quiz został rozwiązany 133 razy
  • Średni wynik to 9 z 10
Statystyki odpowiedzi
Obrazkowy Odpowiedź % Poprawnych
Argentyna
100%
Francja
100%
Urugwaj
97%
Kolumbia
96%
Peru
96%
Paragwaj
95%
Wenezuela
95%
Boliwia
93%
Gujana
88%
Surinam
85%
Nie znaleziono quizów pasujących do podanych kryteriów
Rozkład punktacji
Procent ludzi z każdym wynikiem
Percentyl według liczby udzielonych odpowiedzi
Twoja historia wyników
Nie rozwiązałeś tego quizu